000 02293nam a2200301 a 4500
001 BRCA_8753
005 20190320210408.0
008 100317s1777----sp-#######---#000-0#spa-#
041 _aspa
044 _asp
084 _aBE118
_b.S46 1777
100 1 _aSeñeri, Pablo,
_d1624-1694
_921265
245 1 0 _aEl christiano instruido en su ley, discursos morales, y doctrinales
_cdados a luz en lengua toscana, por el Rmo. Padre Pablo Señeri; y de la extinguida Compañía de Jesús, Pedicador que fue de Nuestro Santisimo Padre Inocencio XII; y Traducidos al castellano por Don Juan de Espinola Baeza Echaburu.
260 _aMadrid
_bEn la Imprenta de Blas Román, y à su costa, Plazuela de Santa Catalina de los Donados, donde se hallará
_c1777
300 _a[3], 404 p. (t.2)
_c21.2 x 16 cm.
500 _aCon las licencias necesarias
500 _aEn portada: Obra utilísima para todo género de personas, doctas, è indoctas, llena de todo género de Erudición Sagrada y Profana. Corregida, y enmendado en esta última impresión, y con Indice de las cosas más notables que se encuentran en él.
500 _aCon marca de fuego: “Procedencia de la marca: Convento de San Francisco de Silao, Guanajuato(1). Institución: Provincia de San Pedro y San Pablo de Michoacán. Descripción: Abreviatura de la palabra Conv[en]to seguido del monograma compuesto por las iniciales “A”, “S”, “I” y “L” que se desata como Silao. El todo inscrito en un rectángulo. Observaciones: David Saavedra la adjudica al Convento Franciscano de Silao, Guanajuato. Con el testimonio de pertenencia ubicado en este ejemplar se corrobora la atribución realizada por David Saavedra. Ubicación de la marca en el libro: Canto superior, inferior y lateral”
500 _aEstado físico : presenta encuadernación en pergamino
650 1 4 _aVida cristiana
_921554
650 1 4 _aMeditaciones
_921553
650 1 4 _aMoral cristiana
_yObras anteriores a 1800
_921666
700 1 _aEspinola Baeza Echaburu, Juan de
_etr.
_921798
700 1 _aBlas Román
_eImpresor
_921799
856 _ahttp://www.marcasdefuego.buap.mx:8180/xmLibris/projects/firebrand/item.jsp?repository=marcas_de_fuego&key=marcas_de_fuego_franciscanas_20150807140752_1047.xml&num=130
902 _aCFM
942 _2lcc
_cB
999 _c8405
_d8405